Hindi sahitya ki santh kavya parampara ke pariprekshya mein Acharya Vidhyasagar ke krititva ka anuseelan/ (Record no. 60950)

000 -LEADER
fixed length control field 00490nam a22001457a 4500
082 ## - DEWEY DECIMAL CLASSIFICATION NUMBER
Classification number H1007
Item number BAR/H
100 ## - MAIN ENTRY--PERSONAL NAME
Personal name Barelal Jain
9 (RLIN) 110468
245 ## - TITLE STATEMENT
Title Hindi sahitya ki santh kavya parampara ke pariprekshya mein Acharya Vidhyasagar ke krititva ka anuseelan/
Statement of responsibility, etc. by Barelal Jain.
260 ## - PUBLICATION, DISTRIBUTION, ETC.
Place of publication, distribution, etc. Culcutta:
Name of publisher, distributor, etc. Sree Nirgranth Sahitya Prakashan,
Date of publication, distribution, etc. [s.l.]
300 ## - PHYSICAL DESCRIPTION
Extent 245p.
650 ## - SUBJECT ADDED ENTRY--TOPICAL TERM
Topical term or geographic name entry element Poetry Hindi Study
9 (RLIN) 110469
650 ## - SUBJECT ADDED ENTRY--TOPICAL TERM
Topical term or geographic name entry element Literature Hindi
9 (RLIN) 110470
650 ## - SUBJECT ADDED ENTRY--TOPICAL TERM
Topical term or geographic name entry element Literature
9 (RLIN) 110471
942 ## - ADDED ENTRY ELEMENTS (KOHA)
Koha item type Book
Holdings
Withdrawn status Lost status Damaged status Not for loan Permanent Location Current Location Shelving location Date acquired Cost, normal purchase price Total Checkouts Full call number Barcode Date last seen Date last checked out Price effective from Koha item type
        Sree Sankaracharya University of Sanskrit Sree Sankaracharya University of Sanskrit Stacks 08.07.2016 45.00 1 H1007 BAR/H 012686 19.07.2018 12.07.2018 08.07.2016 Book